| 000 | 02553cam a2200733 4500 | ||
|---|---|---|---|
| 001 | 19967 | ||
| 003 | SK-KTurca | ||
| 005 | 20251219180449.0 | ||
| 008 | 210917s2020 xo ab bre 000 0 slo | ||
| 015 | _aSNBA2022/03 | ||
| 020 |
_a9788097374129 _q(viazané) |
||
| 040 |
_aSVKPO _bslo _cSVKPO _dSNK _erda |
||
| 041 | 1 |
_aslo _hfre |
|
| 043 | _ax------ | ||
| 044 |
_axo _cSK |
||
| 072 | 7 |
_a913 _xRegionálna geografia _2konspekt |
|
| 072 | 7 |
_a0/9-053.2 _xLiteratúra pre deti a mládež (náučná) _2konspekt |
|
| 080 |
_a913(100) _22011 |
||
| 080 |
_a316.423 _22011 |
||
| 080 |
_a316.3/.6 _22011 |
||
| 080 |
_a523.31 _22011 |
||
| 080 |
_a(084.4) (100) _22011 |
||
| 080 |
_a(0.062) _22011 |
||
| 080 |
_a(084.11) _22011 |
||
| 080 |
_a(0.053.2) _22011 |
||
| 080 |
_a(084.4) _22011 |
||
| 100 | 1 |
_aFlavigny, Laure _4aut |
|
| 240 | 1 | 0 |
_aAtlas - comment va le monde? _lSlovensky |
| 245 | 1 | 0 |
_aAtlas _bako je na tom svet? _cLaure Flavigny, Jessie Magana, Aurélie Boissière, Séverine Assous ; z francúzskeho originálu preložila Mária Michalková-Rovná |
| 246 | 3 | 0 | _aAko je na tom svet? |
| 250 | _aPrvé vydanie | ||
| 264 | 1 |
_aBratislava _b82 Bøok & Design Shõp _c2020 |
|
| 300 |
_a52 nečíslovaných strán _bfarebné ilustrácie, mapy _c38 cm |
||
| 336 |
_atext _btxt _2rdacontent |
||
| 336 |
_astatický obraz _bsti _2rdacontent |
||
| 337 |
_abez média _bn _2rdamedia |
||
| 338 |
_azväzok _bnc _2rdacarrier |
||
| 500 | _aTlačené priečne | ||
| 504 | _aBibliografia na strane [52] | ||
| 650 | 0 | 7 |
_aregionálna geografia sveta _2SNKPH |
| 650 | 0 | 7 |
_aglobálne problémy _2SNKPH |
| 650 | 0 | 7 |
_ačlovek a spoločnosť _2SNKPH |
| 650 | 0 | 7 |
_aWorld geography _2SNKPHeng |
| 650 | 0 | 7 |
_aCountries of the world _2SNKPHeng |
| 650 | 0 | 7 |
_aGlobal problems _2SNKPHeng |
| 650 | 0 | 7 |
_aMan and society _2SNKPHeng |
| 651 | 7 |
_aZem (planéta) _2SNKPHgeo |
|
| 651 | 7 |
_aEarth (Planet) _2SNKPHeng |
|
| 651 | 7 |
_akrajiny sveta _2SNKPH |
|
| 655 | 7 |
_aatlasy _2SNKPH |
|
| 655 | 7 |
_apopulárno-náučné publikácie _2SNKPH |
|
| 655 | 7 |
_aobrazové publikácie _2SNKPH |
|
| 655 | 7 |
_apublikácie pre deti _2SNKPH |
|
| 655 | 7 |
_aPopular works _2SNKPHeng |
|
| 655 | 7 |
_aPictorial works _2SNKPHeng |
|
| 655 | 7 |
_aPublications for children _2SNKPHeng |
|
| 655 | 7 |
_aAtlases _2SNKPHeng |
|
| 700 | 1 |
_aMagana, Jessie _4aut |
|
| 700 | 1 |
_aBoissière, Aurélie _4ill |
|
| 700 | 1 |
_aAssous, Séverine _4ill |
|
| 700 | 1 |
_aMichalková Rovná, Mária, _c(prekladateľka) _4trl |
|
| 942 |
_2ddc _cKLDE _n0 |
||
| 999 |
_c19967 _d19967 |
||